Normal view
MARC view
- القراءة - دراسة وتعليم (طفولة مبكرة)
Entry Topical Term
001 - CONTROL NUMBER
- control field: 10631
003 - CONTROL NUMBER IDENTIFIER
- control field: JO-AjAnu
005 - DATE AND TIME OF LATEST TRANSACTION
- control field: 20230606072015.0
008 - FIXED-LENGTH DATA ELEMENTS
- fixed length control field: 230606|| aca||aabn | a|a d
040 ## - CATALOGING SOURCE
- Original cataloging agency: JO-AjAnu
- Transcribing agency: JO-AjAnu
150 ## - HEADING--TOPICAL TERM
- Topical term or geographic name entry element: القراءة - دراسة وتعليم (طفولة مبكرة)
670 ## - SOURCE DATA FOUND
- Source citation: Work cat.: (JO-AjAnu)5473: فضل الله،محمد رجب, author 10630, القراءة الحرة للأطفال ووسائل تنميتها في المنزل والمدرسة والمكتبة ووسائل الإعلام